| 000 | 00489nam a22001817a 4500 | ||
|---|---|---|---|
| 003 | CEME | ||
| 005 | 20210628203135.0 | ||
| 008 | 210118b xxu||||| |||| 00| 0 eng d | ||
| 020 | _a81-7319-602-8 | ||
| 040 | _cceme | ||
| 082 | _a515.2433 SEQ | ||
| 100 |
_aRath, D , Nanda , S _963573 |
||
| 245 | _aSequences, summability and fourier analysis | ||
| 260 |
_aNEW DELHI _bNAROSA _c2005 |
||
| 300 | _aV,225 P | ||
| 650 |
_aSEQUENCES.SUMMABILITY.FOURIER ANALYSIS _963574 |
||
| 942 |
_cBK _2ddc |
||
| 999 |
_c572349 _d572349 |
||